01867nam a2200277 a 4500008004100000020001800041050001500059100002000074245013000094260004000224300003600264650003300300650001900333650004000352995010200392995010200494995010200596995010200698995010200800999001700902952013400919952013401053952013401187952013401321952013401455190822s1988 ||||||||||||||||| || u a9780471923855 aTA 357 Hir aHirsch, Charles10aNumerical computation of internal and external flows : Volume 1 : fundamentals of numerical discretizationcBy Charles Hirsch aChichesterbJohn Wiley & Sonsc1988 axix, 515 pages : illustrations  0aCOMPUTATIONAL FLUID DYNAMICS aFLUID DYNAMICS aFLUID DYNAMICS--MATHEMATICAL MODELS D192.89FCBU-MAIN LIBRARY (Kitwe)M4UAVAILABLEWAug 26, 2019ZMain Library Open Access Collection D192.89FCBU-MAIN LIBRARY (Kitwe)M5UAVAILABLEWAug 26, 2019ZMain Library Open Access Collection D192.89FCBU-MAIN LIBRARY (Kitwe)M1UAVAILABLEWAug 26, 2019ZMain Library Open Access Collection D192.89FCBU-MAIN LIBRARY (Kitwe)M2UAVAILABLEWAug 26, 2019ZMain Library Open Access Collection D192.89FCBU-MAIN LIBRARY (Kitwe)M3UAVAILABLEWAug 26, 2019ZMain Library Open Access Collection c81518d81518 00102lcc4070a001b001cMain Library Open Access Collectiond2023-09-05l0oTA 357 Hirp749820r2023-09-05t1w2023-09-05y002 00102lcc4070a001b001cMain Library Open Access Collectiond2023-09-05l0oTA 357 Hirp749824r2023-09-05t2w2023-09-05y002 00102lcc4070a001b001cMain Library Open Access Collectiond2023-09-05l0oTA 357 Hirp749823r2023-09-05t3w2023-09-05y002 00102lcc4070a001b001cMain Library Open Access Collectiond2023-09-05l0oTA 357 Hirp749821r2023-09-05t4w2023-09-05y002 00102lcc4070a001b001cMain Library Open Access Collectiond2023-09-05l0oTA 357 Hirp749822r2023-09-05t5w2023-09-05y002